000 006240000a22002290004500
999 _c49047
_d49047
001 1894
003 CO-MdFUSB
005 20180328162308.0
008 180301b xxu||||| |||| 00| 0 eng d
020 _a9135-08-0
040 _cCO-MdBIC
082 0 4 _a423 Z14i3
100 1 _aJiménez, Laura y Bortfeldt, Dieter
110 1 _aZamora Editores
245 1 0 _aEl Mundo Mágico del Inglés / Laura Jiménez y Dieter Bortfeldt
260 _aColombia
300 _a60 Pag.
500 _aDiccionario Infantil Ilustrado
505 0 0 _aPalabras y expresiones en Inglés
650 1 4 _aDiccionario de Inglés
942 _cLGB